Eastern Utah Libraries Catalog: Duchesne, Heber, Roosevelt, & Vernal

Through a dog's eyes / (Record no. 70677)

MARC details
000 -LEADER
fixed length control field 01234pam a2200325 a 4500
001 - CONTROL NUMBER
control field BK0008695658
003 - CONTROL NUMBER IDENTIFIER
control field DLC
005 - DATE AND TIME OF LATEST TRANSACTION
control field 20241220125418.0
008 - FIXED-LENGTH DATA ELEMENTS--GENERAL INFORMATION
fixed length control field 100623s2010 nyua 000 0 eng
010 ## - LIBRARY OF CONGRESS CONTROL NUMBER
LC control number 2010023816
020 ## - INTERNATIONAL STANDARD BOOK NUMBER
International Standard Book Number 9781400068883 : HRD
Terms of availability $25.00
020 ## - INTERNATIONAL STANDARD BOOK NUMBER
International Standard Book Number 1400068886 : HRD
Terms of availability $25.00
037 ## - SOURCE OF ACQUISITION
Source of stock number/acquisition Random House Inc, Attn Order Entry 400 Hahn rd, Westminster, MD, USA, 21157
Note SAN 201-3975
040 ## - CATALOGING SOURCE
Original cataloging agency DLC
Transcribing agency DLC
Modifying agency NjBwBT
050 00 - LIBRARY OF CONGRESS CALL NUMBER
Classification number SF422.86
Item number .A76 2010
082 00 - DEWEY DECIMAL CLASSIFICATION NUMBER
Classification number 636.7
Edition number 22
092 ## - LOCALLY ASSIGNED DEWEY CALL NUMBER (OCLC)
Classification number 636.7000
092 ## - LOCALLY ASSIGNED DEWEY CALL NUMBER (OCLC)
Classification number 636.7 ARNOLD
100 1# - MAIN ENTRY--PERSONAL NAME
Personal name Arnold, Jennifer.
9 (RLIN) 6210348
245 10 - TITLE STATEMENT
Title Through a dog's eyes /
Statement of responsibility, etc Jennifer Arnold.
250 ## - EDITION STATEMENT
Edition statement 1st ed.
260 ## - PUBLICATION, DISTRIBUTION, ETC. (IMPRINT)
Place of publication, distribution, etc New York :
Name of publisher, distributor, etc Spiegel & Grau,
Date of publication, distribution, etc 2010.
300 ## - PHYSICAL DESCRIPTION
Extent xiv, 216 p. :
Other physical details ill. ;
Dimensions 25 cm.
520 ## - SUMMARY, ETC.
Summary, etc The founder of Canine Assistants, a nonprofit service-dog trainer and provider, outlines her unique training method, which is based on teaching dogs to make choices--as opposed to following commands--through kindness and encouragement rather than fear and submission.
650 #0 - SUBJECT ADDED ENTRY--TOPICAL TERM
Topical term or geographic name as entry element Dogs
General subdivision Psychology.
9 (RLIN) 100790
650 #0 - SUBJECT ADDED ENTRY--TOPICAL TERM
Topical term or geographic name as entry element Dogs
General subdivision Behavior.
9 (RLIN) 102189
650 #0 - SUBJECT ADDED ENTRY--TOPICAL TERM
Topical term or geographic name as entry element Human-animal relationships.
9 (RLIN) 6210349
942 ## - ADDED ENTRY ELEMENTS (KOHA)
Koha item type BOOK
998 ## - LOCAL CONTROL INFORMATION (RLIN)
-- a135908
Holdings
Withdrawn status Lost status Source of classification or shelving scheme Damaged status Not for loan Collection code Home library Current library Shelving location Date acquired Source of acquisition Cost, normal purchase price Total Checkouts Total Renewals Full call number Barcode Date last seen Date checked out Cost, replacement price Price effective from Koha item type
    Dewey Decimal Classification     General NonFiction Wasatch County Library Wasatch County Library Second Floor 08/17/2010 Amazon 25.00 8 2 636.7 Arn 34301000959751 03/17/2025 03/10/2025 25.00 03/20/2020 BOOK
This project was made possible through a grant from the Institute of Museum and Library Service administered by the Utah State Library Division.

Wasatch County Library

  • 465 East 1200 South, Heber City, Utah 84032
  • Phone 435-654-1511 | Fax 435-654-6456

Hours

  • Monday - Friday 9:30 AM - 8:00 PM
  • Saturday 9:30 AM - 1:30 PM
  • Closed Sundays and Holidays